Výskyt inhalačných a potravinových alergií u dospelej a detskej populácie v martinskom okrese

Bibliographic Details
Main Authors: Chytílková, V. (Author), Mužilová, J. (Author), Borguľová, D. (Author), Straková, J. (Author), Ferdanová, R. (Author), Slováková, Dagmar (Author), Košarišťanová, T. (Author)
Format: Article
Language:Slovak
ISSN:1335-0013
Subjects:

MARC

LEADER 00000nab a2200000 a 4500
001 vtls000773816
003 SK-MaSNL
005 20260426170805.0
008 250429c1999 xo 0 slo
015 |a SNBRB2001/12-35977 
035 |a CLN000125603 
035 |a urn:nbn:sk:snk-ab71m9 
035 |a (uuid)f442cc14-a4e9-484c-82c9-0f99fbcf4ad9 
035 |a (urnnbn)urn:nbn:sk:snk:ar-a06mbz 
035 |a (sysno)vtls000773816 
040 |a SNKBUCL  |b slo  |c SNKBUCL  |e AACR2 
041 0 |a slo 
044 |a xo  |c SK 
080 |a 612.017.3:613.2-053:061.3  |2 1997 
080 |a 613.2-053  |2 1997 
245 0 0 |a Výskyt inhalačných a potravinových alergií u dospelej a detskej populácie v martinskom okrese  |c V. Chytílková ... [et al.] 
611 2 7 |a Zjazd českých a slovenských alergológov a klinických imunológov  |n (16. :  |d 1999 :  |c Nitra, Slovensko)  |2 snkbucl  |9 120292 
650 0 7 |a alergia na potraviny  |2 SNKPH  |9 106299 
650 0 7 |a kongresy  |2 SNKPH  |9 19200 
650 0 7 |a dospelí  |2 SNKPH  |9 4893 
650 0 7 |a deti  |2 SNKPH  |9 773 
650 0 7 |a testy diagnostické rutinné  |2 SNK  |9 1074525 
650 0 7 |a IgE  |2 SNK  |9 842131 
650 0 7 |a inhalačná aplikácia  |2 SNK  |9 1432856 
655 7 |a články z novín a časopisov  |2 SNK  |9 267496 
700 1 |a Chytílková, V.  |4 aut  |9 1404504 
700 1 |a Mužilová, J.  |4 aut  |9 1404506 
700 1 |a Borguľová, D.  |4 aut  |9 1404505 
700 1 |a Straková, J.  |4 aut  |9 829589 
700 1 |a Ferdanová, R.  |4 aut  |9 1404508 
700 1 |a Slováková, Dagmar  |4 aut  |9 6595 
700 1 |a Košarišťanová, T.  |4 aut  |9 1404507 
773 0 |t Klinická imunológia a alergológia  |g Roč. 9, č. 3 (1999), s. 39  |x 1335-0013 
850 |a Slovenská národná knižnica 
852 |a Slovenská národná knižnica 
954 |a odborná, vedecká literatúra pôvodná (slovenská)  |2 lita 
958 |a article2022 
958 |a MI 
958 |a OND 
958 |a EUIPO 
999 |c 2889710  |d 2891640